00649nam a2200169Ia 4500008004100000020001800041041000800059082001600067100001600083245006200099260001600161365001600177700004400193906005300237999001900290952017000309230718s9999 xx 000 0 und d a9788126534326 aeng a003.54bNEU aNeubauer A. aCoding TheorybAlgorithms, Architectures And Applications bWiley India cRs.b995.00 aNeubauer A.; Freudenberger J. & Kuhn V. dO:0291910-Jul-2012B:54127-Jun-2012cCOMPb248.75 c330945d330945 00104070aCCEPbCCEPd2012-07-10eTechnical Book ServicesfCOMPg746.25i541l0o003.54pCCEP-BK-42152r2023-07-18 00:00:00t248.75v995.00w2012-06-27yBKz042152